[Event "35th WCh U20 Girls"]
[Site "Tarvisio ITA"]
[Date "2017.11.20"]
[Round "7"]
[White "Vangsgard, Freja"]
[Black "Alijanzadeh, Mohadeseh"]
[Result "0-1"]
[WhiteElo "2035"]
[BlackElo "1930"]
[EventDate "2017.11.13"]
[PlyCount "88"]

1.d4 Nf6 2.c4 e6 3.Nc3 Bb4 4.e3 O-O 5.Ne2 Re8 6.a3 Bf8 7.d5 d6 8.g3 c6 9.
Bg2 exd5 10.cxd5 c5 11.Qc2 g6 12.O-O Bg7 13.e4 a6 14.Nd1 b5 15.a4 b4 16.
Ne3 Qe7 17.Nc4 Nbd7 18.Re1 Nxe4 19.Nc3 bxc3 20.Rxe4 Qf8 21.Rxe8 Qxe8 22.
bxc3 Qe1+ 23.Bf1 Qxc3 24.Qxc3 Bxc3 25.Rb1 Nf6 26.Bg2 Bd7 27.Nxd6 Bb4 28.
Bg5 Kg7 29.Nc4 Rd8 30.Nb6 Bf5 31.Rd1 h6 32.Bf4 Nd7 33.Bc7 Re8 34.Nxd7 Bxd7
35.d6 c4 36.a5 c3 37.Rc1 Re2 38.Bf1 Rd2 39.Bxa6 c2 40.Kg2 Bc6+ 41.Kh3 Ba3 
42.Ra1 Bb2 43.Re1 Rd1 44.Bb7 Rxe1 0-1

[Event "35th WCh U20 Girls"]
[Site "Tarvisio ITA"]
[Date "2017.11.20"]
[Round "7"]
[White "Salonika, Saina"]
[Black "Greibrokk, Ingrid"]
[Result "1-0"]
[WhiteElo "2025"]
[BlackElo "1868"]
[EventDate "2017.11.13"]
[PlyCount "61"]

1.e4 e5 2.Nf3 Nc6 3.Bb5 a6 4.Ba4 Nf6 5.O-O Nxe4 6.d4 b5 7.Bb3 d5 8.dxe5 
Be6 9.c3 Be7 10.Bf4 g5 11.Be3 g4 12.Nd4 Nxe5 13.Nxe6 fxe6 14.Bd4 Bf6 15.
Nd2 Nxd2 16.Qxd2 Qd6 17.Qh6 Rf8 18.Qh5+ Kd7 19.Rfe1 Ng6 20.Rad1 Ne7 21.
Qxg4 Rg8 22.Qh3 Raf8 23.Bxd5 Nxd5 24.Bc5 Rxg2+ 25.Kxg2 Nf4+ 26.Kg3 Rg8+ 
27.Qg4 Nd3+ 28.Bxd6 Rxg4+ 29.Kxg4 Nxf2+ 30.Kf3 Nxd1 31.Ba3 1-0

[Event "35th WCh U20 Girls"]
[Site "Tarvisio ITA"]
[Date "2017.11.20"]
[Round "7"]
[White "Louka, Magdalini"]
[Black "Samudin, Elina"]
[Result "0-1"]
[WhiteElo "1955"]
[BlackElo "1806"]
[EventDate "2017.11.13"]
[PlyCount "68"]

1.e4 c5 2.Nf3 d6 3.d4 cxd4 4.Nxd4 Nf6 5.Nc3 a6 6.g3 e5 7.Nb3 Be7 8.Bg2 O-O
9.a4 Nc6 10.O-O Be6 11.Re1 Nd7 12.Nd2 Nd4 13.Nf1 f5 14.exf5 Bxf5 15.Ne3 
Bg6 16.Bxb7 Rb8 17.Bg2 Bg5 18.Ncd5 Kh8 19.Ra3 Nc5 20.c3 Ndb3 21.Nb4 Na5 
22.Qe2 Ne4 23.Bxe4 Bxe4 24.Nxa6 Bf3 25.Qxf3 Rxf3 26.Nxb8 Qxb8 27.b4 Bxe3 
28.Bxe3 Nc4 29.Raa1 Nxe3 30.fxe3 Qa7 31.a5 Rxe3 32.Rxe3 Qxe3+ 33.Kg2 Qxc3 
34.Rf1 Kg8 0-1

[Event "35th WCh U20 Girls"]
[Site "Tarvisio ITA"]
[Date "2017.11.20"]
[Round "7"]
[White "Shepherd, Katherine"]
[Black "Vernet, Solene"]
[Result "1/2-1/2"]
[WhiteElo "1918"]
[BlackElo "1862"]
[EventDate "2017.11.13"]
[PlyCount "80"]

1.d4 Nf6 2.Nf3 c5 3.c4 e6 4.e3 d5 5.Nc3 cxd4 6.Nxd4 Bc5 7.cxd5 Nxd5 8.Bb5+
Bd7 9.Nxd5 exd5 10.Bxd7+ Qxd7 11.O-O O-O 12.b3 Nc6 13.Bb2 f5 14.g3 Rae8 
15.Rc1 Bb6 16.Nxc6 bxc6 17.Bd4 Re6 18.Bc5 Rfe8 19.b4 Rh6 20.Qf3 g5 21.Bxb6
axb6 22.Rfd1 Re4 23.Rd4 Qe6 24.Rxe4 dxe4 25.Qd1 Qd6 26.Qb3+ Qe6 27.Rxc6 
Qxb3 28.Rc8+ Kg7 29.axb3 Rd6 30.h4 h6 31.hxg5 hxg5 32.Kg2 g4 33.Kf1 Kf7 
34.Ke2 Ke7 35.Rh8 Kd7 36.Rf8 Rd5 37.Rf6 Rb5 38.Kd2 Ke7 39.Rc6 Kd7 40.Rf6 
Ke7 1/2-1/2

[Event "35th WCh U20 Girls"]
[Site "Tarvisio ITA"]
[Date "2017.11.20"]
[Round "7"]
[White "Vanduyfhuys, Daria"]
[Black "Barbosa, Larissa Ichimura"]
[Result "0-1"]
[WhiteElo "1755"]
[BlackElo "1913"]
[EventDate "2017.11.13"]
[PlyCount "82"]

1.d4 Nf6 2.c4 g6 3.Nc3 Bg7 4.e4 d6 5.Nf3 O-O 6.Be2 e5 7.dxe5 dxe5 8.Qxd8 
Rxd8 9.Bg5 Rf8 10.Nd5 Nxd5 11.cxd5 c6 12.Bc4 b5 13.Bb3 Bb7 14.Rd1 c5 15.
O-O Nd7 16.Nd2 c4 17.Bc2 f6 18.Be3 Rfc8 19.Rc1 Bf8 20.Bd1 Nc5 21.Bxc5 Bxc5
22.Bg4 Rc7 23.Rc2 Bc8 24.Be2 Bd7 25.b3 cxb3 26.Rb2 bxa2 27.Rxa2 a5 28.Rb1 
b4 29.Nb3 Bb6 30.Nd2 Rac8 31.g3 Rc1+ 32.Rxc1 Rxc1+ 33.Kg2 a4 34.Rb2 Bc5 
35.Bc4 Kg7 36.Rb1 Rc2 37.Rd1 b3 38.Bd3 Rb2 39.Bc4 Bb4 40.Nf1 a3 41.Ne3 Bc5
0-1

[Event "35th WCh U20 Girls"]
[Site "Tarvisio ITA"]
[Date "2017.11.20"]
[Round "7"]
[White "Magpily, Francois Marie"]
[Black "Bidhar, Rutumbara"]
[Result "0-1"]
[WhiteElo "1836"]
[BlackElo "1904"]
[EventDate "2017.11.13"]
[PlyCount "76"]

1.e4 c5 2.d4 cxd4 3.Nf3 e6 4.c3 dxc3 5.Nxc3 Nc6 6.Bf4 Bb4 7.Bc4 Nf6 8.Qe2 
Nxe4 9.Qxe4 d5 10.Bxd5 Qxd5 11.Qc2 Nd4 12.Nxd4 Qxd4 13.Be3 Qc4 14.O-O-O 
Be7 15.Rd4 Qc6 16.Rg4 g6 17.Bd4 e5 18.Bxe5 f6 19.Bxf6 Bxf6 20.Re4+ Kf7 21.
Rhe1 Bf5 22.Qb3+ Kg7 23.Rc4 Qb6 24.Qxb6 axb6 25.Rc7+ Kh6 26.f4 Rhc8 27.
Rxb7 Rxa2 28.Re3 Ra1+ 29.Kd2 Rd8+ 30.Ke2 Bg4+ 31.Kf2 Bh4+ 32.g3 Bf6 33.Ne4
Bd4 34.h3 Bxe3+ 35.Kg2 Rg1+ 36.Kh2 Bf3 37.g4 Rg2+ 38.Kh1 Rd1# 0-1

[Event "35th WCh U20 Girls"]
[Site "Tarvisio ITA"]
[Date "2017.11.20"]
[Round "7"]
[White "Jayaweera, Sayuni Gihansa"]
[Black "Koljevic, Nikolina"]
[Result "1/2-1/2"]
[WhiteElo "1745"]
[BlackElo "1837"]
[EventDate "2017.11.13"]
[PlyCount "88"]

1.d4 d5 2.c4 e6 3.Nf3 c5 4.cxd5 exd5 5.g3 Nf6 6.Bg2 Be7 7.O-O O-O 8.Nc3 
Nc6 9.Bg5 cxd4 10.Nxd4 h6 11.Bf4 Bg4 12.h3 Be6 13.Rc1 Qd7 14.Nxe6 fxe6 15.
e4 d4 16.e5 dxc3 17.exf6 Qxd1 18.Rfxd1 Bxf6 19.bxc3 Rad8 20.Be3 a6 21.h4 
Rfe8 22.c4 Kf7 23.Bb6 Rxd1+ 24.Rxd1 Ne5 25.c5 Re7 26.f4 Nc6 27.Bxc6 bxc6 
28.Rd6 e5 29.f5 e4 30.Rxc6 e3 31.Rc7 Rxc7 32.Bxc7 Bd4 33.Kf1 Bxc5 34.Ke2 
Kf6 35.g4 h5 36.Bd8+ Ke5 37.gxh5 Kxf5 38.Bg5 Kg4 39.h6 gxh6 40.Bxh6 Kxh4 
41.Bxe3 Bxe3 42.Kxe3 Kg5 43.Kd4 Kf6 44.Kc5 Ke7 1/2-1/2

[Event "35th WCh U20 Girls"]
[Site "Tarvisio ITA"]
[Date "2017.11.20"]
[Round "7"]
[White "Bilguun, Bayaraa"]
[Black "February, Jesse Nikki"]
[Result "0-1"]
[WhiteElo "1147"]
[BlackElo "1874"]
[EventDate "2017.11.13"]
[PlyCount "81"]

1.d4 Nf6 2.Nf3 e6 3.Bf4 d5 4.e3 c5 5.c4 Nc6 6.Nc3 a6 7.Bg5 dxc4 8.Bxc4 b5 
9.Be2 cxd4 10.exd4 Be7 11.O-O O-O 12.Qd3 Nb4 13.Qd2 Nbd5 14.Bxf6 Nxf6 15.
Rac1 Bb7 16.Rfd1 Rc8 17.Qf4 b4 18.Na4 Qa5 19.b3 Nd5 20.Qd2 Rfd8 21.Rxc8 
Rxc8 22.Rc1 Nc3 23.Nxc3 bxc3 24.Qc2 Ba3 25.Rf1 Qf5 26.Bd3 Qh5 27.Ne1 Bb2 
28.Bc4 Qg4 29.f4 Rd8 30.Qd3 Qf5 31.Qd1 Qe4 32.Nf3 Qxf4 33.Qc2 Be4 34.Bd3 
Qe3+ 35.Rf2 Bxd3 36.Qd1 c2 37.Qe1 Qxe1+ 38.Nxe1 c1=Q 39.Rf1 Bxd4+ 40.Kh1 
Bxf1 41.Nf3 0-1

[Event "35th WCh U20 Girls"]
[Site "Tarvisio ITA"]
[Date "2017.11.20"]
[Round "7"]
[White "Ganzova, Veronika"]
[Black "Zairbek Kyzy, Begimay"]
[Result "0-1"]
[WhiteElo "1633"]
[BlackElo "1599"]
[EventDate "2017.11.13"]
[PlyCount "84"]

1.e4 c6 2.d4 d5 3.Nd2 dxe4 4.Nxe4 Nd7 5.Ng5 Nb6 6.Bd3 Nf6 7.N1f3 Bg4 8.c3 
e6 9.h3 Bxf3 10.Qxf3 Qd5 11.Ne4 Be7 12.Bf4 Nxe4 13.Bxe4 Qd7 14.Be5 Bf8 15.
Qd3 f6 16.Bg3 g5 17.f4 f5 18.Bf3 gxf4 19.Bh5+ Kd8 20.Bxf4 Bd6 21.Bxd6 Qxd6
22.O-O-O Nd5 23.Qd2 Kd7 24.Rhe1 Raf8 25.Re5 Rhg8 26.Bf3 Ne7 27.Rde1 Rf6 
28.c4 Ng6 29.Ra5 a6 30.d5 cxd5 31.cxd5 e5 32.Re3 e4 33.Be2 Nf4 34.g4 Nxe2+
35.Rxe2 fxg4 36.hxg4 Rxg4 37.Ra4 Rff4 38.Re3 h5 39.Rb4 b5 40.a4 Rf1+ 41.
Kc2 Qc5+ 42.Qc3 Rg2+ 0-1

[Event "35th WCh U20 Girls"]
[Site "Tarvisio ITA"]
[Date "2017.11.20"]
[Round "7"]
[White "Caxita, Esperanca"]
[Black "Braganza, Nadia"]
[Result "1-0"]
[WhiteElo "1865"]
[BlackElo "1536"]
[EventDate "2017.11.13"]
[PlyCount "59"]

1.e4 c5 2.Nf3 Nc6 3.d4 cxd4 4.Nxd4 g6 5.Bc4 Bg7 6.Be3 Nf6 7.Nc3 O-O 8.f3 
d6 9.Qd2 Bd7 10.g4 Ne5 11.Bb3 Rc8 12.Bh6 Qa5 13.Bxg7 Kxg7 14.O-O-O Nc4 15.
Qd3 b5 16.h4 Ne5 17.Qe2 b4 18.Nd5 Nxd5 19.exd5 Qb6 20.h5 a5 21.Qe3 Qa6 22.
hxg6 fxg6 23.f4 Nf7 24.Ne6+ Bxe6 25.dxe6 Nd8 26.Qd4+ Kg8 27.Rxh7 Rf6 28.
Rdh1 Nc6 29.Rh8+ Kg7 30.R1h7# 1-0

[Event "35th WCh U20 Girls"]
[Site "Tarvisio ITA"]
[Date "2017.11.21"]
[Round "8"]
[White "Paramzina, Anastasia"]
[Black "Abdumalik, Zhansaya"]
[Result "1-0"]
[WhiteElo "2123"]
[BlackElo "2428"]
[EventDate "2017.11.13"]
[PlyCount "61"]

1.e4 e5 2.Nf3 Nc6 3.Bc4 Bc5 4.d3 Nf6 5.O-O d6 6.c3 h6 7.Re1 O-O 8.Nbd2 a6 
9.Bb3 Be6 10.Nc4 Re8 11.a4 Ba7 12.h3 b5 13.Ne3 d5 14.exd5 Nxd5 15.Ng4 f6 
16.d4 exd4 17.Qd3 Qd7 18.Qg6 Kh8 19.Bxd5 Bxd5 20.Bxh6 Rxe1+ 21.Rxe1 Bxf3 
22.gxf3 Rg8 23.Qh5 Rf8 24.Nxf6 Rxf6 25.Bg5+ Rh6 26.Bxh6 gxh6 27.Qxh6+ Kg8 
28.Re6 Ne7 29.Qg5+ Kf7 30.Qf6+ Ke8 31.Qh8+ 1-0

[Event "35th WCh U20 Girls"]
[Site "Tarvisio ITA"]
[Date "2017.11.21"]
[Round "8"]
[White "Osmak, Yulia"]
[Black "Tsolakidou, Stavroula"]
[Result "1/2-1/2"]
[WhiteElo "2345"]
[BlackElo "2340"]
[EventDate "2017.11.13"]
[PlyCount "81"]

1.d4 Nf6 2.Bg5 g6 3.Bxf6 exf6 4.c4 d5 5.cxd5 Qxd5 6.Nc3 Qd8 7.e3 Bd6 8.Nf3
Nd7 9.h4 h5 10.g3 O-O 11.Bg2 f5 12.O-O Nf6 13.Qc2 c6 14.Rfd1 Qe7 15.Ng5 
Bd7 16.Re1 Rae8 17.Rad1 Qd8 18.Qb3 Bc8 19.d5 c5 20.Nb5 a6 21.Nxd6 Qxd6 22.
a4 b6 23.Nh3 Bd7 24.Qc4 Ra8 25.Ra1 Ne8 26.Rec1 Qf6 27.Qb3 Qd6 28.Qc4 Qf6 
29.a5 Nd6 30.Qf4 bxa5 31.Rxc5 a4 32.Rac1 Rfd8 33.Ng5 Rab8 34.e4 Rb4 35.
R1c2 Be8 36.Qd2 Rdb8 37.exf5 Qxf5 38.R5c3 Qf6 39.Bf1 a5 40.Rf3 Qe5 41.Re3 
1/2-1/2

[Event "35th WCh U20 Girls"]
[Site "Tarvisio ITA"]
[Date "2017.11.21"]
[Round "8"]
[White "Vaishali, Ramesh Babu"]
[Black "Yu, Jennifer"]
[Result "1/2-1/2"]
[WhiteElo "2325"]
[BlackElo "2321"]
[EventDate "2017.11.13"]
[PlyCount "120"]

1.e4 e5 2.Nf3 Nf6 3.Nxe5 d6 4.Nf3 Nxe4 5.d4 d5 6.Bd3 Nc6 7.O-O Be7 8.Nbd2 
Bf5 9.Re1 Nxd2 10.Qxd2 Bxd3 11.Qxd3 O-O 12.Bf4 Bd6 13.Bg3 Ne7 14.Re2 Ng6 
15.Qf5 c6 16.Rae1 Bxg3 17.hxg3 Qc8 18.g4 f6 19.g3 Rd8 20.Qh5 Qd7 21.g5 Re8
22.gxf6 Rxe2 23.Rxe2 gxf6 24.Nh2 f5 25.Nf3 Rf8 26.Nh4 Qf7 27.Qg5 Qf6 28.
Nf3 Qxg5 29.Nxg5 h6 30.Nf3 Kf7 31.Kg2 Kf6 32.Ne5 Rg8 33.Nd7+ Kf7 34.Ne5+ 
Nxe5 35.Rxe5 Kf6 36.f4 h5 37.Kh3 Rg4 38.Re8 h4 39.Rf8+ Ke6 40.gxh4 Rxf4 
41.h5 Ke7 42.Rg8 Kf7 43.Rg1 Rxd4 44.h6 Rg4 45.Rxg4 fxg4+ 46.Kxg4 Kg6 47.
Kf4 Kxh6 48.Ke5 Kg5 49.b4 b6 50.a4 a5 51.bxa5 bxa5 52.Kd6 Kf4 53.Kxc6 d4 
54.Kd5 Ke3 55.Kc4 Ke4 56.Kb5 Ke3 57.Kc5 d3 58.cxd3 Kxd3 59.Kb5 Kd4 60.Kxa5
Kc5 1/2-1/2

[Event "35th WCh U20 Girls"]
[Site "Tarvisio ITA"]
[Date "2017.11.21"]
[Round "8"]
[White "Assaubaeva, Bibisara"]
[Black "Obolentseva, Alexandra"]
[Result "0-1"]
[WhiteElo "2395"]
[BlackElo "2320"]
[EventDate "2017.11.13"]
[PlyCount "78"]

1.d4 Nf6 2.c4 g6 3.Nc3 Bg7 4.e4 d6 5.f3 O-O 6.Be3 c5 7.Nge2 Nc6 8.d5 Ne5 
9.Ng3 h5 10.Be2 h4 11.Nf1 e6 12.Bg5 h3 13.Ne3 Qa5 14.Qd2 hxg2 15.Nxg2 exd5
16.cxd5 b5 17.h4 Nh5 18.f4 Nc4 19.Bxc4 bxc4 20.e5 dxe5 21.fxe5 Bxe5 22.O-O
Qc7 23.Bf4 Nxf4 24.Nxf4 Qe7 25.Qh2 Bf5 26.Rae1 Rae8 27.Kh1 Qd6 28.Qf2 a6 
29.Qf3 Qd8 30.Ng2 Kg7 31.Qf2 Bd3 32.Ne2 Qxd5 33.Nf4 Bxf4 34.Qxf4 Bxf1 35.
Rxf1 Re2 36.Qf6+ Kg8 37.Rf3 Qe5 38.Qxa6 Rd8 39.Rf1 Rxg2 0-1

[Event "35th WCh U20 Girls"]
[Site "Tarvisio ITA"]
[Date "2017.11.21"]
[Round "8"]
[White "Zhu Jiner"]
[Black "Aakanksha, Hagawane"]
[Result "1/2-1/2"]
[WhiteElo "2363"]
[BlackElo "2312"]
[EventDate "2017.11.13"]
[PlyCount "170"]

1.e4 e5 2.Nf3 Nc6 3.Bb5 a6 4.Ba4 Nf6 5.O-O b5 6.Bb3 Bc5 7.c3 d6 8.d4 Bb6 
9.a4 Rb8 10.axb5 axb5 11.Na3 Bg4 12.Nxb5 O-O 13.h3 Bxf3 14.gxf3 exd4 15.
cxd4 Nxd4 16.Nxd4 Bxd4 17.Qxd4 Rxb3 18.Be3 Qd7 19.Kh2 Rfb8 20.Ra2 Qe6 21.
Rfa1 h6 22.Ra8 Rxa8 23.Rxa8+ Kh7 24.Kg2 c5 25.Qd1 Nh5 26.Ra6 Qg6+ 27.Kh1 
Ng3+ 28.fxg3 Rxe3 29.Kg2 Qe6 30.Rxd6 Qc4 31.Rd2 g6 32.Qg1 Rb3 33.Qf2 Qb4 
34.h4 h5 35.Kh3 c4 36.Rd7 Qf8 37.Rc7 Qe8 38.Kg2 Qe6 39.Qe2 Qf6 40.Rxc4 
Rxb2 41.Rc2 Rxc2 42.Qxc2 Qd4 43.Qe2 Kg7 44.f4 Qc5 45.Qd3 Qc6 46.Qd4+ Kh7 
47.Qd5 Qc2+ 48.Kh3 Kg7 49.Qd4+ Kg8 50.Qe3 Qd1 51.Kg2 Qc2+ 52.Kf3 Qd1+ 53.
Kf2 Qc2+ 54.Qe2 Qc5+ 55.Kg2 Qc6 56.Kh2 Qe6 57.Qf3 Qa2+ 58.Kh3 Qe6+ 59.f5 
Qd7 60.Kh2 Qd2+ 61.Qg2 Qe3 62.Qc2 Kh7 63.Kg2 Qe1 64.Qd3 Kg7 65.Qd4+ Kh7 
66.Qc4 Kg7 67.Qd3 Kh7 68.f6 Qa1 69.Qf3 Qa2+ 70.Qf2 Qc4 71.Qe3 Qa2+ 72.Kf3 
Qa6 73.Qc3 Qf1+ 74.Ke3 Qg1+ 75.Kf4 Qf2+ 76.Ke5 Qb6 77.Kf4 Qf2+ 78.Qf3 Qd4 
79.g4 Qxf6+ 80.Kg3 Qe5+ 81.Kg2 Qb2+ 82.Kg3 Qe5+ 83.Kg2 Qb2+ 84.Kg3 Qe5+ 
85.Kg2 Qb2+ 1/2-1/2

[Event "35th WCh U20 Girls"]
[Site "Tarvisio ITA"]
[Date "2017.11.21"]
[Round "8"]
[White "Tokhiryonova, Gulrukhbegim"]
[Black "Khomeriki, Nino"]
[Result "1-0"]
[WhiteElo "2306"]
[BlackElo "2347"]
[EventDate "2017.11.13"]
[PlyCount "67"]

1.e4 e5 2.Nf3 Nc6 3.Bc4 Nf6 4.Ng5 d5 5.exd5 Na5 6.Bb5+ c6 7.dxc6 bxc6 8.
Bd3 Nd5 9.h4 Be7 10.Qf3 Nf6 11.Bf5 Bb7 12.h5 Nc4 13.d3 Nd6 14.Nc3 O-O 15.
Nge4 Nfxe4 16.dxe4 Ba6 17.Qg3 Bf6 18.Bg4 Qa5 19.Bf3 Rfd8 20.a3 Rab8 21.h6 
g6 22.Bd2 Nc4 23.b4 Qb6 24.Bg5 Nxa3 25.Rxa3 Qxb4 26.Bc1 Qc5 27.Bg4 Bc4 28.
Qe3 Rd4 29.Be2 Bxe2 30.Nxe2 Qb4+ 31.c3 Qc5 32.cxd4 exd4 33.Qd3 Qb4+ 34.Bd2
1-0

[Event "35th WCh U20 Girls"]
[Site "Tarvisio ITA"]
[Date "2017.11.21"]
[Round "8"]
[White "Shuvalova, Polina"]
[Black "Dordzhieva, Dinara"]
[Result "1-0"]
[WhiteElo "2386"]
[BlackElo "2295"]
[EventDate "2017.11.13"]
[PlyCount "97"]

1.d4 d6 2.e4 Nf6 3.Nc3 e5 4.Nf3 Nbd7 5.Bc4 Be7 6.O-O O-O 7.Re1 c6 8.a4 
exd4 9.Nxd4 Ne5 10.Bb3 Re8 11.h3 Bf8 12.Bf4 Bd7 13.Qd2 Qc7 14.Rad1 h6 15.
Bh2 Rad8 16.Kh1 Bc8 17.f4 Ng6 18.e5 dxe5 19.fxe5 Nxe5 20.Rxe5 Rxe5 21.Bxe5
Qxe5 22.Nxc6 Rxd2 23.Bxf7+ Kh8 24.Nxe5 Rxd1+ 25.Nxd1 Bc5 26.c3 a5 27.g4 b6
28.Kg2 Bb7+ 29.Kf1 Ne4 30.Nd7 Ng5 31.Nxc5 bxc5 32.Be8 Nxh3 33.Ne3 Be4 34.
Ke1 Nf4 35.Nc4 Nd3+ 36.Kd2 g5 37.Ke3 Bh7 38.Bc6 Nf4 39.Nxa5 Kg7 40.Nb7 Nd3
41.a5 Nxb2 42.Nd6 Bd3 43.Bb7 h5 44.gxh5 Kh6 45.Bf3 Ba6 46.Kd2 Nd3 47.Be2 
c4 48.Nf7+ Kg7 49.Bxd3 1-0

[Event "35th WCh U20 Girls"]
[Site "Tarvisio ITA"]
[Date "2017.11.21"]
[Round "8"]
[White "Badelka, Olga"]
[Black "Cherniak, Viktoria"]
[Result "1-0"]
[WhiteElo "2374"]
[BlackElo "2236"]
[EventDate "2017.11.13"]
[PlyCount "111"]

1.d4 d5 2.c4 e6 3.Nc3 c6 4.cxd5 exd5 5.Qc2 Bd6 6.Nf3 Ne7 7.Bg5 f6 8.Bh4 
Bf5 9.Qd2 Nd7 10.e3 Nf8 11.Bg3 Qd7 12.Bd3 Bxd3 13.Qxd3 Nf5 14.O-O-O O-O-O 
15.Kb1 Kb8 16.Nd2 h5 17.Bxd6+ Nxd6 18.h4 Qf5 19.Qxf5 Nxf5 20.b4 a6 21.Nb3 
Ne6 22.Nc5 Rde8 23.Kc2 Re7 24.Kd3 Rhe8 25.a4 Nd6 26.Rb1 Kc7 27.g3 Nxc5+ 
28.bxc5 Ne4 29.Nxe4 dxe4+ 30.Kc4 a5 31.Rhf1 Rd8 32.f3 Rde8 33.Rbe1 exf3 
34.Rxf3 b6 35.cxb6+ Kxb6 36.Kd3 Re4 37.Rf5 Rg4 38.Rf3 Kc7 39.Rc1 Rd8 40.
Rc3 Kb6 41.Rc5 Rd5 42.Rxd5 cxd5 43.Ke2 Kc6 44.Kf2 Rg6 45.Rf5 Rh6 46.Kf3 
Rh8 47.e4 dxe4+ 48.Kxe4 Re8+ 49.Kf3 Rd8 50.Rxh5 Rxd4 51.Rxa5 Kd6 52.Ra7 g6
53.a5 Ke6 54.a6 Kf5 55.Re7 Ra4 56.a7 1-0

[Event "35th WCh U20 Girls"]
[Site "Tarvisio ITA"]
[Date "2017.11.21"]
[Round "8"]
[White "Nomin-Erdene, Davaademberel"]
[Black "Heinemann, Josefine"]
[Result "1-0"]
[WhiteElo "2358"]
[BlackElo "2293"]
[EventDate "2017.11.13"]
[PlyCount "155"]

1.e4 e5 2.Nf3 Nc6 3.Bb5 a6 4.Ba4 Nf6 5.O-O Nxe4 6.d4 b5 7.Bb3 d5 8.dxe5 
Be6 9.c3 Be7 10.Bc2 O-O 11.Nbd2 Nc5 12.Nd4 Nxd4 13.cxd4 Nd7 14.f4 f5 15.
Nf3 c5 16.dxc5 Nxc5 17.Nd4 Qd7 18.Be3 Rfd8 19.Qe2 g6 20.Rfd1 Kg7 21.Rac1 
Rac8 22.a3 h5 23.Bb1 Ne4 24.Rxc8 Rxc8 25.Ba2 Bg8 26.Nf3 Qc6 27.Bb3 Qb7 28.
Kf1 Kf8 29.Qd3 Rd8 30.Rc1 Rc8 31.Rd1 Rd8 32.Bd4 Be6 33.Ba2 Bg8 34.Qe3 Rc8 
35.Ne1 a5 36.Nd3 b4 37.axb4 axb4 38.Bb3 Be6 39.Kg1 Kf7 40.Rc1 Rxc1+ 41.
Qxc1 Qb5 42.Qc2 Qa6 43.Ne1 Qa1 44.Qd1 Qxd1 45.Bxd1 Bd7 46.Nf3 Bb5 47.Bb3 
Bc4 48.Ba4 Nc5 49.Bc6 Ne6 50.Be3 Nc5 51.g3 Ne4 52.Kg2 Bf8 53.Bd7 Nc5 54.
Ng5+ Kg8 55.Be8 Nb3 56.Ne6 d4 57.Nxd4 Nxd4 58.Bxd4 Bf7 59.Bc6 Bc4 60.Kf2 
Kf7 61.Ke3 h4 62.Bb6 hxg3 63.hxg3 Be6 64.Kd3 Be7 65.Bb5 g5 66.Bc4 gxf4 67.
gxf4 Bh4 68.Be3 Be1 69.Bxe6+ Kxe6 70.Bd2 Bg3 71.Kc4 Bh2 72.Kxb4 Kd5 73.Ka5
Bg1 74.b4 Kc6 75.Ka6 Kc7 76.b5 Bc5 77.b6+ Kb8 78.Kb5 1-0

[Event "35th WCh U20 Girls"]
[Site "Tarvisio ITA"]
[Date "2017.11.21"]
[Round "8"]
[White "Injac, Teodora"]
[Black "Stiazhkina, Anna"]
[Result "1-0"]
[WhiteElo "2244"]
[BlackElo "2301"]
[EventDate "2017.11.13"]
[PlyCount "77"]

1.Nf3 d5 2.g3 c6 3.Bg2 Bg4 4.c4 e6 5.O-O Nf6 6.cxd5 exd5 7.d3 Be7 8.Qb3 
Qb6 9.Qc2 Nbd7 10.e4 dxe4 11.dxe4 O-O 12.Nc3 Rfe8 13.Be3 Qa5 14.Nd4 Qh5 
15.f3 Ne5 16.Nce2 g5 17.h4 c5 18.fxg4 Nfxg4 19.Nf5 gxh4 20.Nf4 Qg5 21.gxh4
Nxe3 22.Nxe3 Qxh4 23.Nf5 Qg5 24.Nd5 Bf8 25.Qc1 Qd8 26.Qf4 Re6 27.Rad1 Kh8 
28.Qg3 Qa5 29.Nf4 Ra6 30.Rd5 Re8 31.Rxe5 Rxe5 32.Ng6+ hxg6 33.Qxe5+ Kg8 
34.Ne7+ Bxe7 35.Qxe7 Qxa2 36.Rd1 Qe6 37.Rd8+ Kg7 38.Qh4 Ra1+ 39.Bf1 1-0

[Event "35th WCh U20 Girls"]
[Site "Tarvisio ITA"]
[Date "2017.11.21"]
[Round "8"]
[White "Khademalsharieh, Sarasadat"]
[Black "Priyanka, K."]
[Result "1/2-1/2"]
[WhiteElo "2419"]
[BlackElo "2046"]
[EventDate "2017.11.13"]
[PlyCount "70"]

1.d4 Nf6 2.c4 g6 3.Nc3 Bg7 4.e4 d6 5.Be2 O-O 6.Be3 e5 7.d5 Na6 8.g4 Nc5 9.
f3 h5 10.g5 Nh7 11.h4 f6 12.gxf6 Bxf6 13.Bf2 Be7 14.Kd2 c6 15.Qe1 cxd5 16.
cxd5 Bd7 17.Nh3 Kg7 18.Rc1 Na4 19.Nxa4 Bxa4 20.Rc3 Qa5 21.Qb1 Rfc8 22.Rg1 
Bd7 23.Ng5 Nxg5 24.hxg5 Rxc3 25.bxc3 b5 26.Qb2 Rb8 27.a3 Qc7 28.Be3 Rf8 
29.Ke1 a6 30.Kf2 Rc8 31.Rc1 Qd8 32.Qd2 Qa5 33.Qb2 Qd8 34.Qd2 Qa5 35.Qb2 
Qd8 1/2-1/2

[Event "35th WCh U20 Girls"]
[Site "Tarvisio ITA"]
[Date "2017.11.21"]
[Round "8"]
[White "Vidic, Teja"]
[Black "Mammadzada, Gunay"]
[Result "0-1"]
[WhiteElo "2159"]
[BlackElo "2393"]
[EventDate "2017.11.13"]
[PlyCount "70"]

1.e4 c5 2.Nf3 d6 3.Bb5+ Nd7 4.a4 Nf6 5.Qe2 e6 6.O-O Be7 7.a5 a6 8.Bd3 O-O 
9.c3 Nb8 10.b4 cxb4 11.cxb4 Nc6 12.b5 axb5 13.Bxb5 Rxa5 14.Rxa5 Qxa5 15.d4
Bd7 16.Nbd2 Ra8 17.Bb2 Qb4 18.Rb1 Ra2 19.d5 Rxb2 20.Rxb2 Qxb2 21.dxc6 bxc6
22.Bd3 e5 23.h3 h6 24.Qe3 Qc3 25.Kh2 Be6 26.g3 Nd7 27.Nb1 Qb2 28.Nbd2 Bd8 
29.Qa7 Qc3 30.Qa8 Qxd3 31.Qxd8+ Kh7 32.Qh4 f6 33.Kg2 d5 34.exd5 Bxd5 35.
Qg4 Qxd2 0-1

[Event "35th WCh U20 Girls"]
[Site "Tarvisio ITA"]
[Date "2017.11.21"]
[Round "8"]
[White "Terbe, Julianna"]
[Black "Arda, Cagil Irmak"]
[Result "1/2-1/2"]
[WhiteElo "2263"]
[BlackElo "2139"]
[EventDate "2017.11.13"]
[PlyCount "89"]

1.Nf3 Nf6 2.g3 e6 3.Bg2 d5 4.O-O b5 5.a4 b4 6.c4 Bb7 7.cxd5 Bxd5 8.d3 c5 
9.Nbd2 Be7 10.b3 O-O 11.Bb2 a5 12.Rc1 Nbd7 13.Nc4 Nb6 14.Ne3 Rc8 15.Ne5 
Bxg2 16.Kxg2 Nfd5 17.N3c4 Bf6 18.Qc2 Nxc4 19.dxc4 Nb6 20.Qe4 Qc7 21.Rcd1 
Rfd8 22.Nd3 Bxb2 23.Nxb2 Nd7 24.Qf4 Qc6+ 25.f3 Nf6 26.Rxd8+ Rxd8 27.Rd1 
Rxd1 28.Nxd1 h6 29.Nf2 Nd7 30.Ne4 f5 31.Nd6 Kf8 32.Nb5 Ke7 33.h4 Kf6 34.h5
Ke7 35.g4 fxg4 36.Qxg4 Kf8 37.Qf4+ Ke7 38.e4 e5 39.Qg4 Kf8 40.Qf5+ Ke7 41.
Kg3 Qf6 42.Kg4 Qc6 43.f4 exf4 44.Kxf4 Qf6 45.Na7 1/2-1/2

[Event "35th WCh U20 Girls"]
[Site "Tarvisio ITA"]
[Date "2017.11.21"]
[Round "8"]
[White "Ivanova, Simoneta"]
[Black "Antova, Gabriela"]
[Result "0-1"]
[WhiteElo "2137"]
[BlackElo "2257"]
[EventDate "2017.11.13"]
[PlyCount "85"]

1.d4 d5 2.c4 c6 3.cxd5 cxd5 4.Bf4 Nc6 5.Nc3 Nf6 6.e3 Bf5 7.Nf3 e6 8.Qb3 
Qb6 9.Qxb6 axb6 10.Bb5 Nd7 11.O-O Be7 12.Ne5 Ndxe5 13.Bxe5 f6 14.Bc7 Bd8 
15.Bxd8 Kxd8 16.f3 Ke7 17.e4 dxe4 18.fxe4 Bg6 19.Rad1 Rhd8 20.d5 Ne5 21.
Rd4 exd5 22.exd5 Rac8 23.Rfd1 Nf7 24.d6+ Rxd6 25.Rxd6 Nxd6 26.Nd5+ Ke6 27.
Nxb6 Rc7 28.Ba4 Be4 29.Bb3+ Kf5 30.Nd5 Rc5 31.Nb6 Bc6 32.Re1 Ne4 33.Nc4 
Kf4 34.g3+ Kg5 35.Rd1 f5 36.Nd6 Nxd6 37.Rxd6 f4 38.gxf4+ Kxf4 39.Kf2 Rh5 
40.Rd4+ Be4 41.h3 Rg5 42.Rd7 Rg2+ 43.Kf1 0-1

[Event "35th WCh U20 Girls"]
[Site "Tarvisio ITA"]
[Date "2017.11.21"]
[Round "8"]
[White "Uuriintuya, Uurtsaikh"]
[Black "Parnali, S. Dharia"]
[Result "1-0"]
[WhiteElo "2213"]
[BlackElo "2136"]
[EventDate "2017.11.13"]
[PlyCount "67"]

1.e4 e5 2.Nf3 Nc6 3.Bb5 a6 4.Ba4 Nf6 5.d3 b5 6.Bb3 Bc5 7.O-O d6 8.c3 Bb6 
9.h3 h6 10.Re1 O-O 11.Nbd2 Be6 12.Bc2 Ne7 13.d4 Ng6 14.Nf1 Qc8 15.Ng3 c5 
16.Nf5 Rd8 17.Qe2 Ra7 18.Nxd6 Rxd6 19.dxe5 Rc6 20.exf6 Bc4 21.Qe3 Rxf6 22.
b3 Be6 23.e5 Nxe5 24.Nxe5 Re7 25.Ng4 Bxg4 26.Qxe7 Be6 27.Be3 Bf5 28.Bxf5 
Qxf5 29.Rad1 Re6 30.Qd7 c4 31.bxc4 bxc4 32.Qc8+ Kh7 33.Qxc4 Rg6 34.Qd3 1-0

[Event "35th WCh U20 Girls"]
[Site "Tarvisio ITA"]
[Date "2017.11.21"]
[Round "8"]
[White "Kanakova, Natalie"]
[Black "Arpita, Mukherjee"]
[Result "1-0"]
[WhiteElo "2134"]
[BlackElo "2210"]
[EventDate "2017.11.13"]
[PlyCount "153"]

1.e4 c5 2.Nf3 d6 3.d4 cxd4 4.Nxd4 Nf6 5.Nc3 a6 6.Be3 e5 7.Nb3 Be7 8.f3 Be6
9.Qd2 O-O 10.O-O-O Nbd7 11.g4 b5 12.g5 b4 13.Ne2 Ne8 14.f4 a5 15.f5 a4 16.
fxe6 axb3 17.cxb3 fxe6 18.Bh3 Rxa2 19.Bxe6+ Kh8 20.Ng3 Nc7 21.Bc4 Qa8 22.
Rhf1 Rxf1 23.Rxf1 Ra1+ 24.Kc2 Rxf1 25.Bxf1 d5 26.Qf2 Qf8 27.Qg2 Bc5 28.Bd2
Qf7 29.h4 dxe4 30.Qxe4 Qd5 31.Bc4 Qxe4+ 32.Nxe4 Be7 33.h5 Nf8 34.Kd3 Nd7 
35.Be3 Bf8 36.h6 Be7 37.Ng3 Nc5+ 38.Ke2 g6 39.Kf3 N7e6 40.Kg4 Nd4 41.Bf2 
Ncxb3 42.Ne4 Nc5 43.Bg3 Nd7 44.Bh2 Nc6 45.Be6 Nb6 46.Bf7 Nd7 47.Bd5 Ndb8 
48.b3 Bf8 49.Nd2 Bd6 50.Nc4 Bc7 51.Bf7 Nd7 52.Kh3 Ndb8 53.Kg2 Nd7 54.Kf2 
Nb6 55.Nxb6 Bxb6+ 56.Kf3 Nd4+ 57.Ke4 Bc7 58.Bg3 Bb8 59.Bc4 Nf5 60.Bxe5+ 
Bxe5 61.Kxe5 Ne3 62.Kd4 Nc2+ 63.Ke4 Na1 64.Kd5 Nc2 65.Bd3 Ne3+ 66.Kc5 Ng4 
67.Kxb4 Ne5 68.Be4 Nf7 69.Bd5 Ne5 70.Kc5 Nd3+ 71.Kc4 Nb2+ 72.Kd4 Na4 73.
Bc6 Nb6 74.b4 Kg8 75.Kc5 Nc8 76.Bd7 Na7 77.Kb6 1-0